Kingdoms of the savanna (Record no. 48638)

MARC details
000 -LEADER
fixed length control field 00477nam a2200133 a 4500
008 - FIXED-LENGTH DATA ELEMENTS--GENERAL INFORMATION
fixed length control field 120416s1966 ||||||||||||||||| || u
050 ## - LIBRARY OF CONGRESS CALL NUMBER
Classification number DT 351 Van
100 ## - MAIN ENTRY--PERSONAL NAME
Personal name Vansina, Jan
245 10 - TITLE STATEMENT
Title Kingdoms of the savanna
260 ## - PUBLICATION, DISTRIBUTION, ETC.
Place of publication, distribution, etc. Madison
Name of publisher, distributor, etc. University of Wisconsin Press
Date of publication, distribution, etc. 1966
300 ## - PHYSICAL DESCRIPTION
Extent ix, 364p. : ill.
350 ## - PRICE (NR) (BK AM CF MU VM SE) [OBSOLETE]
Price 0.00
995 ## - RECOMMENDATION 995 [LOCAL, UNIMARC FRANCE]
-- 0.00
-- CBU-MAIN LIBRARY (Kitwe)
-- 1
-- 0.00
-- AVAILABLE
-- Main Library Open Access Collection
Holdings
Withdrawn status Lost status Source of classification or shelving scheme Damaged status Not for loan Home library Current library Shelving location Date acquired Total Checkouts Full call number Barcode Date last seen Price effective from Koha item type
          CBU-MAIN LIBRARY, KITWE. CBU-MAIN LIBRARY, KITWE.   11/30/2022   DT 351 Van 000755 11/30/2022 11/30/2022 MONOGRAPH